Boroughs of Düsseldorf on a Map - Statistics

General Stats
  • This quiz has been taken 277 times
  • The average score is 29 of 50
Answers on the Map
Answers color-coded by a green-red scale on the quiz's map according to % correct below.
 
Answer Stats
District Stadtteil % Correct
District 3 Bilk
91%
District 3 Oberbilk
90%
District 1 Altstadt
85%
District 4 Oberkassel
84%
District 3 Unterbilk
83%
District 6 Rath
77%
District 9 Benrath
76%
District 1 Derendorf
75%
District 8 Eller
75%
District 4 Lörick
68%
District 4 Niederkassel
68%
District 1 Pempelfort
68%
District 6 Unterrath
68%
District 3 Hafen
66%
District 5 Kaiserswerth
66%
District 7 Gerresheim
65%
District 10 Garath
64%
District 2 Flingern-Nord
63%
District 2 Flingern-Süd
63%
District 4 Heerdt
60%
District 5 Lohausen
60%
District 3 Hamm
58%
District 3 Friedrichstadt
57%
District 1 Carlstadt
56%
District 5 Angermund
55%
District 5 Wittlaer
55%
District 8 Lierenfeld
54%
District 1 Golzheim
53%
District 1 Stadtmitte
53%
District 5 Stockum
53%
District 9 Wersten
53%
District 9 Himmelgeist
52%
District 7 Grafenberg
50%
District 9 Reisholz
50%
District 8 Vennhausen
50%
District 9 Holthausen
49%
District 9 Urdenbach
49%
District 2 Düsseltal
47%
District 6 Mörsenbroich
47%
District 9 Hassels
46%
District 9 Itter
46%
District 8 Unterbach
46%
District 7 Hubbelrath
45%
District 5 Kalkum
45%
District 10 Hellerhof
41%
District 3 Flehe
40%
District 6 Lichtenbroich
40%
District 3 Volmerswerth
40%
District 7 Knittkuhl
38%
District 7 Ludenberg
31%
No matching quizzes found
Score Distribution
Percent of People with Each Score
Percentile by Number Answered
Your Score History
You have not taken this quiz